<?xml version="1.0" encoding="UTF-8"?><?xml-stylesheet type="text/xsl" href="static/style.xsl"?><OAI-PMH xmlns="http://www.openarchives.org/OAI/2.0/" xmlns:xsi="http://www.w3.org/2001/XMLSchema-instance" xsi:schemaLocation="http://www.openarchives.org/OAI/2.0/ http://www.openarchives.org/OAI/2.0/OAI-PMH.xsd"><responseDate>2026-04-13T02:37:36Z</responseDate><request verb="GetRecord" identifier="oai:www.recercat.cat:2117/126909" metadataPrefix="marc">https://recercat.cat/oai/request</request><GetRecord><record><header><identifier>oai:recercat.cat:2117/126909</identifier><datestamp>2026-01-30T08:50:34Z</datestamp><setSpec>com_2072_1033</setSpec><setSpec>col_2072_452950</setSpec></header><metadata><record xmlns="http://www.loc.gov/MARC21/slim" xmlns:dcterms="http://purl.org/dc/terms/" xmlns:xsi="http://www.w3.org/2001/XMLSchema-instance" xmlns:doc="http://www.lyncode.com/xoai" xsi:schemaLocation="http://www.loc.gov/MARC21/slim http://www.loc.gov/standards/marcxml/schema/MARC21slim.xsd">
   <leader>00925njm 22002777a 4500</leader>
   <datafield ind2=" " ind1=" " tag="042">
      <subfield code="a">dc</subfield>
   </datafield>
   <datafield ind2=" " ind1=" " tag="720">
      <subfield code="a">Lu, Huixia</subfield>
      <subfield code="e">author</subfield>
   </datafield>
   <datafield ind2=" " ind1=" " tag="720">
      <subfield code="a">Martí Rabassa, Jordi</subfield>
      <subfield code="e">author</subfield>
   </datafield>
   <datafield ind2=" " ind1=" " tag="260">
      <subfield code="c">2018-10-25</subfield>
   </datafield>
   <datafield ind2=" " ind1=" " tag="520">
      <subfield code="a">The characterization of the microscopical forces between the essential a-amino-acid tryptophan, precursor of the neurotransmitter serotonin and of the hormone melatonin, and the basic components of cell membranes and their environments (phospholipids, cholesterol, ionic species, and water) is of central importance to elucidate their local structure and dynamics as well as the mechanisms responsible for the access of tryptophan to the interior of the cell. We have performed nanosecond molecular dynamics simulations of tryptophan embedded in model zwitterionic bilayer membranes made by di-palmitoyl-phosphatidyl-choline and cholesterol inside aqueous sodium-chloride solution in order to systematically examine tryptophan-lipid, tryptophan-cholesterol, and tryptophan-water interactions under liquid-crystalline phase conditions. Microscopic properties such as the area per lipid, lipid thickness, radial distribution functions, hydrogen-bonding lengths, atomic spectral densities, and self-diffusion coefficients have been evaluated. Our results show that the presence of tryptophan significantly affects the structure and dynamics of the membrane. Tryptophan spends long periods of time at the water-membrane interface, and it plays a central role by bridging a few lipids and cholesterol chains by means of hydrogen-bonds. The computed spectral densities, in excellent agreement with experimental infrared and Raman data, revealed the participation of each atomic site of tryptophan to the complete spectrum of the molecule. Tryptophan self-diffusion coefficients have been found to be in between 10^(-7) and 10^(-6) cm^2/s and strongly depending of the concentration of cholesterol in the system.</subfield>
   </datafield>
   <datafield ind2=" " ind1=" " tag="520">
      <subfield code="a">Postprint (published version)</subfield>
   </datafield>
   <datafield tag="653" ind2=" " ind1=" ">
      <subfield code="a">Àrees temàtiques de la UPC::Física</subfield>
   </datafield>
   <datafield tag="653" ind2=" " ind1=" ">
      <subfield code="a">Cholesterol</subfield>
   </datafield>
   <datafield tag="653" ind2=" " ind1=" ">
      <subfield code="a">Tryptophan</subfield>
   </datafield>
   <datafield tag="653" ind2=" " ind1=" ">
      <subfield code="a">Tryptophan</subfield>
   </datafield>
   <datafield tag="653" ind2=" " ind1=" ">
      <subfield code="a">cholesterol</subfield>
   </datafield>
   <datafield tag="653" ind2=" " ind1=" ">
      <subfield code="a">zwitterionic membrane</subfield>
   </datafield>
   <datafield tag="653" ind2=" " ind1=" ">
      <subfield code="a">Colesterol</subfield>
   </datafield>
   <datafield tag="653" ind2=" " ind1=" ">
      <subfield code="a">Triptòfan</subfield>
   </datafield>
   <datafield ind2="0" ind1="0" tag="245">
      <subfield code="a">Effects of cholesterol on the binding of the precursor neurotransmitter tryptophan to zwitterionic membranes</subfield>
   </datafield>
</record></metadata></record></GetRecord></OAI-PMH>